Great astronomers (Record no. 552824)

000 -LEADER
fixed length control field 00958cam a2200205La 4500
082 ## - DEWEY DECIMAL CLASSIFICATION NUMBER
Classification number 520
Author Mark BAL
100 1# - MAIN ENTRY--PERSONAL NAME
Personal name Ball, Robert S.
245 10 - TITLE STATEMENT
Title Great astronomers
Statement of responsibility, etc. by Robert S. Ball.
260 ## - PUBLICATION, DISTRIBUTION, ETC.
Place of publication, distribution, etc. London :
Name of publisher, distributor, etc. G. Bell,
Date of publication, distribution, etc. 1895.
300 ## - PHYSICAL DESCRIPTION
Extent 1 online resource (xii, 372 p.) :
Other physical details ill., ports., plans.
490 1# - SERIES STATEMENT
Series statement Nineteenth Century Collections Online (NCCO): Science, Technology, and Medicine: 1780-1925
500 ## - GENERAL NOTE
General note Reproduction of the original from the Huntington Library.
505 0# - FORMATTED CONTENTS NOTE
Formatted contents note Ptolemy -- Copernicus -- Tycho Brahe -- Galileo --Kepler -- Isaac Newton -- Flamsteed -- Halley --Bradley -- William Herschel -- Laplace -- Brinkley --John Herschel -- The Earl of Rosse -- Airy -- Hamilton -- Le Verrier -- Adams.
526 ## - STUDY PROGRAM INFORMATION NOTE
Program name 0
Interest level 0
Reading level 0
Title point value 520_000000000000000_BAL
650 #0 - SUBJECT ADDED ENTRY--TOPICAL TERM
Topical term or geographic name entry element Astronomers
9 (RLIN) 26684
650 #0 - SUBJECT ADDED ENTRY--TOPICAL TERM
Topical term or geographic name entry element Astronomy
General subdivision History.
9 (RLIN) 39534
650 #0 - SUBJECT ADDED ENTRY--TOPICAL TERM
Topical term or geographic name entry element MCE
9 (RLIN) 379
856 40 - ELECTRONIC LOCATION AND ACCESS
Uniform Resource Identifier <a href="http://www.columbia.edu/cgi-bin/cul/resolve?clio10760435">http://www.columbia.edu/cgi-bin/cul/resolve?clio10760435</a>
942 ## - ADDED ENTRY ELEMENTS (KOHA)
Source of classification or shelving scheme
Koha item type Book
Holdings
Withdrawn status Lost status Source of classification or shelving scheme Damaged status Not for loan Permanent Location Current Location Shelving location Date acquired Total Checkouts Full call number Barcode Date last seen Price effective from Koha item type
          Military College of Engineering (MCE) Military College of Engineering (MCE)   01/23/2015   520 BAL MCE-ECG/38 01/23/2015 01/23/2015 Book
© 2023 Central Library, National University of Sciences and Technology. All Rights Reserved.